[Event "SVK-chT4 A22 1718"]
[Site "Slovakia"]
[Date "2018.02.11"]
[Round "9.1"]
[White "Pinter, Marek"]
[Black "Foltinovic, Tomas"]
[Result "0-1"]
[WhiteElo "1551"]
[BlackElo "1718"]
[PlyCount "128"]
[EventDate "2017.10.01"]
[EventType "team-tourn"]
[EventRounds "11"]
[EventCountry "SVK"]
[SourceTitle "EXT 2020"]
[Source "ChessBase"]
[SourceDate "2019.10.17"]
[SourceVersion "1"]
[SourceVersionDate "2019.10.17"]
[SourceQuality "1"]

1. e4 c6 2. Nf3 d5 3. exd5 Qxd5 4. Nc3 Qa5 5. h3 Bf5 6. d3 Nf6 7. Bg5 Nd5 8. Bd2 e6 9. Nxd5 Qxd5 10. Be2 Nd7 11. Bc3 Nf6 12. Bxf6 gxf6 13. a3 Bh6 14. g4 Bg6 15. Rg1 Bf4 16. c3 Rd8 17. d4 Ke7 18. Bd3 Rdg8 19. Ke2 Be4 20. Bxe4 Qxe4+ 21. Kf1 Rg6 22. Qe2 Qd5 23. Nh4 Rg5 24. Qf3 Bc7 25. Qxd5 Rxd5 26. Nf3 h5 27. Ke2 Rdd8 28. Rh1 Rdg8 29. Rhg1 hxg4 30. hxg4 Rg6 31. Rg2 Rhg8 32. Rag1 f5 33. g5 Bf4 34. Ne5 Rxg5 35. Rxg5 Rxg5 36. Rxg5 Bxg5 37. Nd3 Kd6 38. b3 f6 39. f4 Bh6 40. c4 b6 41. Kf3 Bg7 42. Ke3 e5 43. Nf2 a6 44. b4 Bh6 45. Nd3 e4 46. Nf2 c5 47. dxc5+ bxc5 48. b5 axb5 49. cxb5 Kc7 50. a4 Kb6 51. Nd1 c4 52. Nc3 Ka5 53. Nd5 Kxa4 54. b6 Bf8 55. b7 Bc5+ 56. Ke2 Bd6 57. Ke3 Kb3 58. Kd4 e3 59. Kxe3 c3 60. Nxc3 Kxc3 61. Ke2 Bxf4 62. Kf3 Bb8 63. Ke3 f4+ 64. Kf3 Kd3 0-1

[Event "SVK-chT4 A22 1718"]
[Site "Slovakia"]
[Date "2018.01.28"]
[Round "8.1"]
[White "Pinter, Marek"]
[Black "Nemcovic, Peter"]
[Result "0-1"]
[WhiteElo "1551"]
[BlackElo "1548"]
[PlyCount "88"]
[EventDate "2017.10.01"]
[EventType "team-tourn"]
[EventRounds "11"]
[EventCountry "SVK"]
[SourceTitle "EXT 2020"]
[Source "ChessBase"]
[SourceDate "2019.10.17"]
[SourceVersion "1"]
[SourceVersionDate "2019.10.17"]
[SourceQuality "1"]

1. e4 e5 2. Nf3 Nc6 3. Bc4 Bc5 4. Nc3 Nf6 5. d3 h6 6. h3 Qe7 7. Nd5 Qd6 8. c3 Na5 9. Nxf6+ Qxf6 10. Qa4 Nxc4 11. Qxc4 Bb6 12. Qb5 c5 13. Be3 a6 14. Qa4 0-0 15. b4 d6 16. bxc5 dxc5 17. Ke2 Qd6 18. Rhd1 Bd7 19. Qc2 Rfe8 20. Rab1 Ba7 21. Rxb7 Bb5 22. c4 Qc6 23. Rxa7 Ba4 24. Rxa8 Bxc2 25. Rxe8+ Qxe8 26. Rd2 Ba4 27. Bxc5 f6 28. a3 Qc6 29. Bb4 Qa8 30. Rb2 Kh7 31. Ba5 Qc8 32. Bb4 Bd7 33. a4 Kg6 34. Nh4+ Kh7 35. Nf3 h5 36. a5 Bxh3 37. gxh3 Qxh3 38. Ke3 Qg4 39. Ne1 Qf4+ 40. Ke2 Qg4+ 41. Kf1 h4 42. Bd2 h3 43. f3 Qg3 44. Be3 h2 0-1

[Event "SVK-chT4 A22 1516"]
[Site "Slovakia"]
[Date "2016.04.03"]
[Round "11.2"]
[White "Hornik, Andrej"]
[Black "Pinter, Marek"]
[Result "1-0"]
[WhiteElo "1800"]
[BlackElo "1490"]
[PlyCount "135"]
[EventDate "2015.10.04"]
[EventType "team-tourn"]
[EventRounds "11"]
[EventCountry "SVK"]
[SourceTitle "EXT 2020"]
[Source "ChessBase"]
[SourceDate "2019.10.17"]
[SourceVersion "1"]
[SourceVersionDate "2019.10.17"]
[SourceQuality "1"]

1. e4 c5 2. Nf3 d6 3. d4 cxd4 4. Nxd4 Nc6 5. Nc3 Nxd4 6. Qxd4 Nf6 7. Be2 e6 8. 0-0 Be7 9. Bg5 0-0 10. Be3 a6 11. Rad1 e5 12. Qd3 h6 13. h3 Be6 14. a3 Qc7 15. Nd5 Bxd5 16. exd5 b5 17. Rc1 Rfc8 18. f4 exf4 19. Rxf4 Qb7 20. Bf3 Qc7 21. c4 bxc4 22. Rcxc4 Qd8 23. Rxc8 Qxc8 24. Rc4 Qb7 25. Rb4 Qc8 26. Rb6 a5 27. Rc6 Qb7 28. Qc2 Qb8 29. Rb6 Qd8 30. Qc6 Rc8 31. Qb5 Nd7 32. Rb7 Ne5 33. Be2 Bf8 34. Ra7 Rb8 35. Rb7 Rxb7 36. Qxb7 Qd7 37. Qxd7 Nxd7 38. Bb5 Nf6 39. Bc6 Be7 40. Bb6 a4 41. Kf1 g5 42. g4 Kh7 43. Ke2 Kg6 44. Bd4 h5 45. Bxf6 Bxf6 46. Bxa4 Bxb2 47. Bc2+ Kh6 48. a4 Bc3 49. Kd3 Be1 50. Kc4 hxg4 51. hxg4 Bf2 52. Kb5 Kg7 53. Kc6 Bc5 54. a5 Kf6 55. a6 Ke5 56. Bf5 Ba7 57. Bd7 f6 58. Be6 Bc5 59. Kb7 f5 60. gxf5 g4 61. f6 g3 62. Bh3 Kxf6 63. a7 Bxa7 64. Kxa7 Ke5 65. Bg2 Kf6 66. Kb6 Kf7 67. Kc7 Ke7 68. Kc6 1-0